|
|
|
|
| LEADER |
00966nam a2200289 4500 |
| 001 |
DLU090078543 |
| 005 |
##20090608 |
| 040 |
# |
# |
|a DLU
|b eng
|
| 041 |
# |
# |
|a eng
|
| 044 |
# |
# |
|a UK
|
| 100 |
# |
# |
|a Yamashita, Yuh.
|
| 245 |
# |
# |
|a Numerical computational method using genetic algorithm for the optimal control problem with terminal constraints and free parameters /
|c Yuh Yamashita, Masasuke Shima.
|
| 653 |
# |
# |
|a Genetic algorithm
|
| 653 |
# |
# |
|a Optimal control
|
| 653 |
# |
# |
|a Optimal singular control
|
| 653 |
# |
# |
|a Terminal constraint
|
| 700 |
# |
# |
|a Shima, Masasuke.
|
| 773 |
# |
# |
|t Nonlinear Analysis, Theory, Methods & Applications
|g Vol. 30, part 4 (December 1997), p. 2285-2290
|
| 920 |
# |
# |
|a Phòng Tạp chí -- Trung tâm Thông tin - Thư viện Trường Đại học Đà Lạt
|
| 994 |
# |
# |
|a DLU
|
| 900 |
# |
# |
|a True
|
| 911 |
# |
# |
|a Trương Bảo Trâm Anh
|
| 925 |
# |
# |
|a G
|
| 926 |
# |
# |
|a A
|
| 927 |
# |
# |
|a BB
|
| 980 |
# |
# |
|a Thư viện Trường Đại học Đà Lạt
|